Marcatori della Roma in UEFA Champions League 2014-2015 - Statistics

Statistiche generali
  • Questo quiz è stato fatto 12 volte
  • Il punteggio medio è 5 su 7
Statistiche sulle risposte
Partita Minuto Marcatore % Corretto
Manchester City - Roma 1-1 23' Francesco Totti
100%
CSKA Mosca - Roma 1-1 43' Francesco Totti
100%
Roma - CSKA Mosca 5-1 10' Gervinho
83%
Roma - CSKA Mosca 5-1 31' Gervinho
83%
Roma - Bayern Monaco 1-7 66' Gervinho
83%
Roma - CSKA Mosca 5-1 6' Juan Iturbe
50%
Roma - CSKA Mosca 5-1 20' Maicon
33%
Nessun quiz corrispondente trovato
Distribuzione punteggi
Percentuale di utenti per punteggio
Percentile per numero di risposta
I tuoi punteggi nel tempo
Non hai fatto questo quiz